| 000 | 00440nam a2200169Ia 4500 | ||
|---|---|---|---|
| 003 | LK-CoDNM | ||
| 008 | 010623t1925 xxu||||| |||| 00| 1 eng d | ||
| 040 |
_aLK-CoDNM _dLK-CoDNM _eLK-CoDNM |
||
| 041 | _aeng | ||
| 080 |
_a50 _bD6 |
||
| 100 | _aBlaze,L.E. | ||
| 245 | _aFirst Lessons in English Grammar | ||
| 260 |
_bChritian Literature Society _aColombo _c1925 |
||
| 300 | _b79p., 17 260: Tenth cm | ||
| 650 | _aText books | ||
| 942 | _cBK | ||
| 999 |
_c92669 _d92669 |
||